000 00462cam a2200193ua 4500
001 2844
008 110912n ii |||gr||||Z||||||asm
020 _a81-237-0873-4
040 _cMAIN
082 _a920
100 1 _aTalukder, Phani,
_eAuthor.
245 1 1 _aPramathesh Barua
_cby Phani Talukder
250 _a3rd.
260 _aIndia:
_bNational book trust,998.
300 _a68p:
_c23cm.
653 _aBiography
653 _aPramathesh Barua
942 _cBK
999 _c2693
_d2693